The Debate on the Constitution : Part 1 (Record no. 168)

000 -LEADER
fixed length control field 01994cam a2200361 a 4500
001 - CONTROL NUMBER
control field 2032203
003 - CONTROL NUMBER IDENTIFIER
control field OSt
005 - DATE AND TIME OF LATEST TRANSACTION
control field 20210417103653.0
008 - FIXED-LENGTH DATA ELEMENTS--GENERAL INFORMATION
fixed length control field 920622m19939999nyu b 001 0 eng
010 ## - LIBRARY OF CONGRESS CONTROL NUMBER
LC control number 92025449
020 ## - INTERNATIONAL STANDARD BOOK NUMBER
International Standard Book Number 0940450429 (v. 1 : alk. paper) :
020 ## - INTERNATIONAL STANDARD BOOK NUMBER
International Standard Book Number 094045064X (v. 2 : alk. paper) :
040 ## - CATALOGING SOURCE
Original cataloging agency DLC
Transcribing agency DLC
Modifying agency DLC
043 ## - GEOGRAPHIC AREA CODE
Geographic area code n-us---
050 00 - LIBRARY OF CONGRESS CALL NUMBER
Classification number JK155
Item number .D33 1993
080 ## - UNIVERSAL DECIMAL CLASSIFICATION NUMBER
Universal Decimal Classification number 340
Item number B-16
082 00 - DEWEY DECIMAL CLASSIFICATION NUMBER
Classification number 342.73/029
-- 347.30229
Edition number 20
245 04 - TITLE STATEMENT
Title The Debate on the Constitution : Part 1
Remainder of title Federalist and Antifederalist speeches, articles, and letters during the struggle over ratification.
260 ## - PUBLICATION, DISTRIBUTION, ETC.
Place of publication, distribution, etc. New York :
Name of publisher, distributor, etc. Library of America :
-- Distributed to the trade in the U.S. and Canada by Viking Press,
Date of publication, distribution, etc. c1993-
300 ## - PHYSICAL DESCRIPTION
Extent v. <1-2 > ;
Dimensions 21 cm.
365 ## - TRADE PRICE
Price amount 35 usd
440 #4 - SERIES STATEMENT/ADDED ENTRY--TITLE
Title The Library of America ;
Volume/sequential designation 62-<63 >
500 ## - GENERAL NOTE
General note "Bernard Bailyn selected the contents and wrote the headings and notes...."--V.1, p.[v].
504 ## - BIBLIOGRAPHY, ETC. NOTE
Bibliography, etc. note Includes bibliographical references and indexes.
505 1# - FORMATTED CONTENTS NOTE
Formatted contents note pt. 1. Debates in the press and in private correspondence, September 17, 1787-January 12, 1788. Debates in the state ratifying conventions: Pennsylvania, November 20-December 15, 1787; Connecticut, January 3-9, 1788; Massachusetts, January 9-February 7, 1788 -- pt. 2. Debates in the press and in private correspondence, January 14-August 9, 1788. Debates in the state ratifying conventions: South Carolina, May 12-24, 1788; Virginia, June 2-27, 1788; New York, June 17-July 26, 1788; North Carolina, July 21-August 4, 1788
630 00 - SUBJECT ADDED ENTRY--UNIFORM TITLE
Uniform title Federalist.
650 #0 - SUBJECT ADDED ENTRY--TOPICAL TERM
Topical term or geographic name entry element Constitutional history
Geographic subdivision United States.
651 #0 - SUBJECT ADDED ENTRY--GEOGRAPHIC NAME
Geographic name United States
General subdivision Politics and government
Chronological subdivision 1783-1789.
700 1# - ADDED ENTRY--PERSONAL NAME
Personal name Bailyn, Bernard.
906 ## - LOCAL DATA ELEMENT F, LDF (RLIN)
a 7
b cbc
c orignew
d 1
e ocip
f 19
g y-gencatlg
942 ## - ADDED ENTRY ELEMENTS (KOHA)
Source of classification or shelving scheme
Koha item type Books
Holdings
Withdrawn status Lost status Source of classification or shelving scheme Damaged status Not for loan Permanent location Current location Date acquired Inventory number Full call number Barcode Date last seen Price effective from Koha item type
          Ken Walker International University Ken Walker International University 11/11/2020 139 340 B-16 139 11/11/2020 11/11/2020 Books

Powered by Koha